000 00462nam a2200181Ia 4500
001 13309
005 20260306164751.0
008 260306t2003||||xx |||||||||||||| ||spa||
041 _aESP
082 _a001.42
_bM42
100 _aMendicoa, Gloria Edel
_eAUT
245 0 _aSobre tesis y tesistas:
_bLecciones de enseñanza - aprendizaje
260 _c2003
300 _a221 páginas :
_c22 cm.
650 _aGEN
654 _aCHU
942 _cLIB
_dJUS
_fJUS
_2ddc
_n
999 _c13309
_d13309